La Maternidad adolescente es más frecuente en las muchachas pobres

Uloženo v:
Podrobná bibliografie
Médium: Text
Témata:
Tagy: Přidat tag
Žádné tagy, Buďte první, kdo vytvoří štítek k tomuto záznamu!

MARC

LEADER 00000 a a2200000 04500
001 10265
003
040
245 |a La Maternidad adolescente es más frecuente en las muchachas pobres  
650 |a EMBARAZO ADOLESCENTE  
650 |a EDUCACION  
650 |a POBREZA  
650 |a CHILE  
773 |g número 41; páginas 7-8  
999 |c 25625  |d 25625